Catálogo
 En Linea

Hojas caídas / (Registro nro. 9216)

Detalles MARC
000 -CABECERA
campo de control de longitud fija 00534nam a2200181 a 4500
001 - NÚMERO DE CONTROL
campo de control 000009456
005 - FECHA Y HORA DE LA ÚLTIMA TRANSACCIÓN
campo de control 20240412074211.0
008 - DATOS DE LONGITUD FIJA--INFORMACIÓN GENERAL
campo de control de longitud fija 090930s1952 dr 000 p spa d
040 ## - FUENTE DE LA CATALOGACIÓN
Centro catalogador/agencia de origen DO-SdBNP
082 ## - NÚMERO DE LA CLASIFICACIÓN DECIMAL DEWEY
Número de clasificación RD861.4
Número de documento/Ítem R696h
049 ## - FONDOS LOCALES (OCLC)
Fondos de biblioteca BNPD
100 1# - ENTRADA PRINCIPAL--NOMBRE DE PERSONA
Nombre de persona Rodríguez Cáceres, Amira
9 (RLIN) 24258
245 10 - MENCIÓN DE TÍTULO
Título Hojas caídas /
Mención de responsabilidad, etc. Amira Rodríguez Cáceres.
260 ## - PUBLICACIÓN, DISTRIBUCIÓN, ETC.
Lugar de publicación, distribución, etc. Ciudad Trujillo, República Dominicana :
Nombre del editor, distribuidor, etc. Montalvo,
Fecha de publicación, distribución, etc. 1952.
300 ## - DESCRIPCIÓN FÍSICA
Extensión 112 p. ;
Dimensiones 23 cm.
650 #0 - PUNTO DE ACCESO ADICIONAL DE MATERIA--TÉRMINO DE MATERIA
Término de materia o nombre geográfico como elemento de entrada Poesía dominicana
9 (RLIN) 66
650 #0 - PUNTO DE ACCESO ADICIONAL DE MATERIA--TÉRMINO DE MATERIA
Término de materia o nombre geográfico como elemento de entrada Literatura dominicana.
9 (RLIN) 67
Existencias
Estado de retiro Estado de pérdida No para préstamo Código de colección Localización permanente Ubicación/localización actual Ubicación en estantería Fecha de adquisición Número de inventario Total de préstamos Signatura topográfica completa Código de barras Fecha visto por última vez Número de copia Precio válido a partir de Tipo de ítem Koha Restricciones de uso Nota pública
    Excluido de préstamo Patrimonio Dominicano Patrimonio Dominicano Patrimonio Dominicano En catalogación 30.09.2009 LF1   RD861.4 R696h 9456-20 25.06.2020 e.2 25.06.2020 Libro y Folleto Colección Patrimonio Dominicano    
    Excluido de préstamo Dominicana de Servicio Patrimonio Dominicano Patrimonio Dominicano En catalogación 30.06.2011 LF1   RD861.4 R696h 9456-30 25.06.2020 e.3 25.06.2020 Libro y Folleto Colección Dominicana de Servicio    
    Excluido de préstamo Raros y valiosos Patrimonio Dominicano Patrimonio Dominicano En catalogación 30.09.2009 LF1   RD861.4 R696h 9456-10 25.06.2020   25.06.2020 No se presta   Perteneció a la biblioteca personal de Martínez Boog.

Con tecnología Koha